Normal view
MARC view
- Dr. Umar Khan Khattak.
Entry Personal Name
001 - CONTROL NUMBER
- control field: 29052
003 - CONTROL NUMBER IDENTIFIER
- control field: NUST
005 - DATE AND TIME OF LATEST TRANSACTION
- control field: 20200318101616.0
008 - FIXED-LENGTH DATA ELEMENTS
- fixed length control field: 200318|| aca||aabn | a|a d
040 ## - CATALOGING SOURCE
- Original cataloging agency: NUST
- Transcribing agency: NUST
100 ## - HEADING--PERSONAL NAME
- Personal name: Dr. Umar Khan Khattak.
670 ## - SOURCE DATA FOUND
- Source citation: Work cat.: (NUST): Ahmad, Aftab 29050, Web- Based Spatio - Temporal Surveilance System of TB in Khyber Pakhtunkhwa /, 2012.
